000 00324nam a22001457a 4500
003 SGT
082 _a370
_bF14S
100 _aSOMAL, NEETA
245 _aFUTURE CONSCIOUSNESS IN TEACHER UNDER TRAINING
250 _a2ND
260 _aNEW DELHI
_bINDIAN PUB
_c2014
300 _a107
650 _aEDUCATION
942 _2ddc
_cBK
999 _c11717
_d11717